Leadership of the wise : (Record no. 2549)

MARC details
000 -LEADER
fixed length control field 00660nam a2200169 4500
001 - CONTROL NUMBER
control field 3160
005 - DATE AND TIME OF LATEST TRANSACTION
control field 20181127170612.0
020 00 - INTERNATIONAL STANDARD BOOK NUMBER
International Standard Book Number 9789993663324
090 00 - LOCALLY ASSIGNED LC-TYPE CALL NUMBER (OCLC); LOCAL CALL NUMBER (RLIN)
Classification number (OCLC) (R) ; Classification number, CALL (RLIN) (NR) 954.98092 U721L 2010
100 00 - MAIN ENTRY--PERSONAL NAME
Personal name Ura, Karma.
245 00 - TITLE STATEMENT
Title Leadership of the wise :
Remainder of title Kings of Bhutan /
Statement of responsibility, etc. Karma Ura.
Medium
260 00 - PUBLICATION, DISTRIBUTION, ETC.
Place of publication, distribution, etc. Thimphu :
Name of publisher, distributor, etc. CBS,
Date of publication, distribution, etc. 2010.
300 00 - PHYSICAL DESCRIPTION
Extent xviii,196 p.
504 ## - BIBLIOGRAPHY, ETC. NOTE
Bibliography, etc. note Includes bibliographical references.
505 ## - FORMATTED CONTENTS NOTE
Formatted contents note Desi Jegme Namgyel -- HM King Ugyen Wangchuck -- HM King Jigme Wangchuck -- HM King Jigme Dorji Wangchuck -- HM King Jigme Singye Wangchuck -- HM King Jigme Khesar Namgyel Wangchuck.
Miscellaneous information
Statement of responsibility
Title
650 00 - SUBJECT ADDED ENTRY--TOPICAL TERM
Topical term or geographic name entry element Bhutan --Kings and rulers --Pictorial works.
General subdivision
Holdings
Withdrawn status Lost status Source of classification or shelving scheme Damaged status Not for loan Collection code Home library Current library Shelving location Date acquired Serial Enumeration / chronology Inventory number Total Checkouts Total Renewals Full call number Barcode Date last seen Date last checked out Price effective from Koha item type Copy number
    Dewey Decimal Classification     Main TEST RTC Library RTC Library Main opac 28/02/2021 5547 6 1 954.98 URA 30001414 28/05/2021 06/05/2021 27/11/2018 Main  
    Dewey Decimal Classification     Main TEST RTC Library RTC Library Main opac 14/08/2023 10217 3 1 954.98 URA 30011211 14/08/2023 15/09/2020 27/11/2018 Main 2
    Dewey Decimal Classification     Main TEST RTC Library RTC Library Main opac 06/05/2021 10218 4 2 954.98 URA 30011356 28/05/2021 06/05/2021 27/11/2018 Main 3
    Dewey Decimal Classification     Main TEST RTC Library RTC Library Main opac 05/05/2021 10219 5   954.98 URA 30011473 10/06/2022 30/05/2022 27/11/2018 Main 4
    Dewey Decimal Classification     Main TEST RTC Library RTC Library Main opac 24/05/2021 10220 9 2 954.98 URA 30011396 27/05/2022 16/05/2022 27/11/2018 Main 5
    Dewey Decimal Classification     Main TEST RTC Library RTC Library Main opac 30/11/2021 16257   1   954.98 URA 30015123 11/04/2023 03/04/2023 30/11/2021 Main  
    Dewey Decimal Classification     Main TEST RTC Library RTC Library Main opac 30/11/2021 16258   2 1 954.98 URA 30015131 30/10/2023 16/10/2023 30/11/2021 Main  
    Dewey Decimal Classification     Main TEST RTC Library RTC Library Main opac 30/11/2021 16259   1   954.98 URA 30014984 13/06/2022 06/06/2022 30/11/2021 Main  
Royal Thimphu College || All Right Reserved